书目信息 |
| 题名: |
毛泽东邓小平江泽民论教育
|
|
| 作者: | 邓小平 , 江泽民 , 毛泽东 著 ;教育部 , 中共中央文献研究室 编 | |
| 分册: | ||
| 出版信息: | 北京 人民教育出版社 2002 |
|
| 页数: | 10.299页 | |
| 开本: | 21cm | |
| 丛书名: | ||
| 单 册: | ||
| 中图分类: | A467 , A496.7 , A841.67 | |
| 科图分类: | ||
| 主题词: | 毛泽东著作--学习 , 毛泽东著作研究 | |
| 电子资源: | ||
| ISBN: | 7-107-15354-4 | |
| 000 | 01454nam0 2200373 450 | |
| 000 | 01366nam0 2200337 450 | |
| 000 | 01299nam0 2200313 450 | |
| 000 | 01263nam0 2200301 45 | |
| 005 | 20070727154722.94 | |
| 010 | @a7-107-15354-4@b精装@dCNY30.30 | |
| 100 | @a20070707d2005 em y0chiy0120 ea | |
| 101 | 0 | @achi |
| 102 | @aCN@b110000 | |
| 105 | @ay z 000yy | |
| 200 | 1 | @a毛泽东邓小平江泽民论教育@AMao Ze Dong Deng Xiao Ping Jiang Ze Min Lun Jiao Yu@f中华人民共和国教育部,中共中央文献研究室编@FZhong Hua Ren Min Gong He Guo Jiao Yu Bu, Zhong Gong Zhong Yang Wen Xian Yan Jiu Shi Bian |
| 210 | @a北京@c人民教育出版社@c中央文献出版社@c北京师范大学出版社@d2002 | |
| 215 | @a10.299页@d21cm | |
| 330 | @a本书共收入毛泽东、邓小平、江泽民同志有关教育工作的重要文稿108篇,有些文稿是他们的讲话的节录。 | |
| 600 | 0 | @a江泽民@f(1926~)@x教育@x文摘 |
| 600 | 0 | @a邓小平@f(1904~1997) |
| 600 | 0 | @a邓小平@f(1904~1997)@x教育@x文摘 |
| 600 | 0 | @a江泽民@f(1926~) |
| 606 | 0 | @a毛泽东著作@x学习 |
| 606 | 0 | @a毛泽东著作研究 |
| 690 | @aA467@v4 | |
| 690 | @aA496.7@v4 | |
| 690 | @aA841.67@v3 | |
| 701 | 0 | @a邓小平@ADeng Xiao Ping@f(1904~1997.2)@4著 |
| 701 | 0 | @a江泽民@AJiang Ze Min@f(1926.8~)@4著 |
| 701 | 0 | @a毛泽东@AMao Ze Dong@f(1893~1976)@4著 |
| 712 | 02 | @a教育部@AJiao Yu Bu@4编 |
| 712 | 02 | @a中共中央文献研究室@AZhong Gong Zhong Yang Wen Xian Yan Jiu Shi@4编 |
| 801 | 0 | @aCN@bTAOJIN@c20070727 |
| 905 | @a10447@dA841.67@e120 | |
| 毛泽东邓小平江泽民论教育/中华人民共和国教育部,中共中央文献研究室编.-北京:人民教育出版社:中央文献出版社:北京师范大学出版社,2002 |
| 10.299页;21cm |
| ISBN 7-107-15354-4(精装):CNY30.30 |
| 本书共收入毛泽东、邓小平、江泽民同志有关教育工作的重要文稿108篇,有些文稿是他们的讲话的节录。 |
| ● |
| 相关链接 |
|
|
|
|
正题名:毛泽东邓小平江泽民论教育
索取号:A841.67/120
 
预约/预借
| 序号 | 登录号 | 条形码 | 馆藏地/架位号 | 状态 | 备注 |
| 1 | 0820000 | 208200007 | 第一样本阅览室/ [索取号:A841.67/120] | 在馆 | |
| 2 | 0820001 | 208200016 | 第一借阅区/ [索取号:A841.67/120] | 在馆 | |
| 3 | 0820002 | 208200025 | 第一借阅区/ [索取号:A841.67/120] | 在馆 | |
| 4 | 0820003 | 208200034 | 第一借阅区/ [索取号:A841.67/120] | 在馆 | |
| 5 | 0820004 | 208200043 | 第一借阅区/ [索取号:A841.67/120] | 在馆 |